[Event "XXX Mitropa Cup"]
[Site "Merlimont FRA"]
[Date "2011.10.15"]
[Round "8.3"]
[White "Shytaj, Luca"]
[Black "Delorme, Laurie"]
[Result "0-1"]
[WhiteElo "2507"]
[BlackElo "2223"]
[Annotator "ITA-FRA2"]
[PlyCount "117"]
[EventDate "2011.10.08"]

1. e4 e5 2. Nf3 Nc6 3. Bb5 a6 4. Ba4 Nf6 5. d3 b5 6. Bb3 Be7 7. O-O O-O 8. Re1
d6 9. c3 Na5 10. Bc2 c5 11. Nbd2 Qc7 12. Nf1 Be6 13. Bg5 h6 14. Bxf6 Bxf6 15.
Ne3 g6 16. a3 Bg7 17. b4 Nc6 18. Bb3 Bxb3 19. Qxb3 Nd8 20. a4 Rb8 21. axb5 axb5
22. Ra6 Ne6 23. Rea1 Nf4 24. g3 Qd7 25. Qd1 Ne6 26. Qb3 Nf4 27. Nh4 Nh3+ 28.
Kg2 Ng5 29. Qd5 Kh7 30. Rxd6 Qh3+ 31. Kh1 cxb4 32. cxb4 Ne6 33. Rd7 Nf4 34. Qd6
Ra8 35. Rg1 Ne2 36. Re1 Ra2 37. Neg2 Nd4 38. Rd8 Rxd8 39. Qxd8 g5 40. Rf1 gxh4
41. Qxh4 Qxh4 42. Nxh4 Rb2 43. Kg2 Bf6 44. Nf3 Nxf3 45. Kxf3 Rxb4 46. Rc1 Rd4
47. Rc6 Kg7 48. Ke3 Bd8 49. f4 f6 50. h4 b4 51. fxe5 fxe5 52. Rc5 Bb6 53. Rb5
Rd6+ 54. Ke2 Rf6 55. Rxe5 b3 56. Rb5 b2 57. d4 Bxd4 58. Kd3 Rb6 59. Kxd4 0-1

[Event "XXX Mitropa Cup"]
[Site "Merlimont FRA"]
[Date "2011.10.15"]
[Round "8.4"]
[White "Choisy, Mathilde"]
[Black "Dvirnyy, Danyyil"]
[Result "0-1"]
[WhiteElo "2203"]
[BlackElo "2457"]
[Annotator "ITA-FRA2"]
[PlyCount "98"]
[EventDate "2011.10.08"]

1. e4 c6 2. d4 d5 3. e5 Bf5 4. Nf3 e6 5. Be2 Nd7 6. Nbd2 Ne7 7. O-O Bg6 8. Nb3
Nf5 9. Bg5 Be7 10. Bxe7 Qxe7 11. Qd2 f6 12. exf6 Qxf6 13. Qb4 b6 14. Bd3 a5 15.
Qd2 a4 16. Nc1 Bh5 17. Bxf5 Qxf5 18. Ne1 O-O 19. Ne2 Bxe2 20. Qxe2 e5 21. c3 b5
22. Nc2 Rae8 23. Qd2 Qg6 24. Rae1 e4 25. Re3 Nf6 26. f3 Nh5 27. Ne1 Nf4 28.
fxe4 dxe4 29. Rg3 Qh6 30. Qe3 Rf7 31. Nc2 Ref8 32. Re1 Qf6 33. h3 Nd3 34. Rb1
Qd6 35. Rg4 Nf2 36. Rg5 h6 37. Qg3 Qe6 38. d5 cxd5 39. Nd4 Qe7 40. Rxd5 Nd3 41.
Rxb5 Rf6 42. Rb8 Rxb8 43. Qxb8+ Kh7 44. Qg3 e3 45. Kh2 Qe4 46. Rd1 Rf2 47. b3
a3 48. Kg1 Nf4 49. Nf3 Ne2+ 0-1

[Event "XXX Mitropa Cup"]
[Site "Merlimont FRA"]
[Date "2011.10.16"]
[Round "9.2"]
[White "Rombaldoni, Denis"]
[Black "Pacher, Milan"]
[Result "1-0"]
[WhiteElo "2517"]
[BlackElo "2403"]
[Annotator "ITA-SVK"]
[PlyCount "47"]
[EventDate "2011.10.08"]

1. Nf3 Nf6 2. g3 d5 3. Bg2 c6 4. O-O Bf5 5. d3 Nbd7 6. Nh4 Be6 7. h3 h6 8. e4
g5 9. Nf5 Bxf5 10. exf5 Bg7 11. c3 O-O 12. f4 e5 13. fxg5 hxg5 14. Bxg5 Qb6+
15. Rf2 Rfe8 16. Qd2 Nc5 17. b4 Na4 18. Bh6 Bxh6 19. Qxh6 c5 20. g4 e4 21. g5
e3 22. gxf6 exf2+ 23. Kxf2 cxb4+ 24. d4 1-0

[Event "XXX Mitropa Cup"]
[Site "Merlimont FRA"]
[Date "2011.10.16"]
[Round "9.3"]
[White "Mazur, Stefan"]
[Black "Godena, Michele"]
[Result "0-1"]
[WhiteElo "2372"]
[BlackElo "2527"]
[Annotator "ITA-SVK"]
[PlyCount "80"]
[EventDate "2011.10.08"]

1. e4 e5 2. Nf3 Nc6 3. Bb5 a6 4. Ba4 Nf6 5. O-O b5 6. Bb3 Bc5 7. c3 d6 8. d4
Bb6 9. a4 Rb8 10. a5 Ba7 11. h3 O-O 12. Be3 exd4 13. cxd4 Ne7 14. Nbd2 Bb7 15.
Bc2 Ng6 16. Re1 Re8 17. d5 Bxe3 18. Rxe3 c6 19. dxc6 Bxc6 20. b4 Rc8 21. Rc1
Bb7 22. Bb3 Rc7 23. Rxc7 Qxc7 24. Qe1 h6 25. Nd4 d5 26. exd5 Rxe3 27. Qxe3 Bxd5
28. Bc2 Nf4 29. N2f3 Ne6 30. Bf5 Nxd4 31. Nxd4 Qd6 32. Qg3 Qxb4 33. Qb8+ Qf8
34. Qxf8+ Kxf8 35. Bc8 b4 36. Bxa6 Ke7 37. Nf5+ Kd7 38. Bb5+ Kc7 39. Kf1 b3 40.
Bd3 b2 0-1

[Event "XXX Mitropa Cup"]
[Site "Merlimont FRA"]
[Date "2011.10.16"]
[Round "9.4"]
[White "Dvirnyy, Danyyil"]
[Black "Petenyi, Tamas"]
[Result "1/2-1/2"]
[WhiteElo "2457"]
[BlackElo "2347"]
[Annotator "ITA-SVK"]
[PlyCount "163"]
[EventDate "2011.10.08"]

1. e4 c5 2. Nf3 d6 3. d4 cxd4 4. Nxd4 Nf6 5. Nc3 a6 6. Bg5 e6 7. f4 h6 8. Bh4
Be7 9. Qf3 Qc7 10. O-O-O Nbd7 11. Bd3 g5 12. fxg5 Ne5 13. Qe2 Nfg4 14. h3 hxg5
15. Bg3 Nxd3+ 16. cxd3 Ne5 17. Kb1 Bd7 18. Rc1 Qd8 19. Rhf1 b5 20. Nf3 f6 21.
d4 Nc4 22. d5 e5 23. Nh2 Rc8 24. Nd1 Qb6 25. Ng4 Rf8 26. Nde3 Qd4 27. Nxc4 Rxc4
28. Rxc4 bxc4 29. Rd1 Qc5 30. Bf2 Qb4 31. Be1 Qa4 32. Nh6 f5 33. exf5 Rf6 34.
Qh5+ Kd8 35. Rc1 Qb5 36. Ng8 Rxf5 37. Nxe7 Kxe7 38. g4 Rf6 39. Qxg5 c3 40. Bxc3
Qxd5 41. Ka1 Be6 42. b3 Qd3 43. Kb2 Qxh3 44. Bb4 Qh6 45. Qxe5 Rf2+ 46. Rc2
Rxc2+ 47. Kxc2 Qg6+ 48. Kc3 Qxg4 49. Qxd6+ Kf7 50. Kb2 Qe2+ 51. Ka3 Kg6 52. Bc3
Kf5 53. Qd4 Qe4 54. Qf2+ Qf4 55. Qc5+ Kg4 56. Bd4 Qe4 57. Qd6 Kf5 58. Qf8+ Kg4
59. Qg7+ Kf3 60. Qg1 Ke2 61. Bc5 Qf3 62. Qg6 Qd5 63. Qc2+ Kf3 64. Qf2+ Ke4 65.
Bb4 Qb5 66. Qg3 Bf5 67. Qd6 Bd7 68. Bc5 Bc6 69. Qe6+ Kf4 70. Qe3+ Kf5 71. Kb2
Qf1 72. Qe7 Qb5 73. a4 Qb7 74. Qh4 Bd5 75. Qh3+ Ke5 76. Qg3+ Ke6 77. Qd6+ Kf5
78. Qf8+ Bf7 79. Bb4 Qd5 80. Qc8+ Be6 81. Qc2+ Qe4 82. Qxe4+ 1/2-1/2